000 01259nam a22004097a 4500
003 CHAP
005 20220817044153.0
008 070608d2006 it rn 00110 spa d
010 _a93717
011 _a94689
020 _a9253052333
035 _a105284
040 _cCHAP
082 0 4 _a641.1
_bF58y
110 2 _aFAO
245 1 0 _aGuía de nutrición de la familia
_c/por FAO
260 _aRoma :
_bFAO,
_c2006
300 _a137 p. :
_bilus.; cuadros.
410 _aFAO
500 _aFotocopia c.2-3
590 _aBATCH-UPD
_b10
_c20130110
_lUCH01
_h1441
590 _aBATCH-UPD
_b10
_c20130410
_lUCH01
_h0913
590 _aBATCH-UPD
_b10
_c20130914
_lUCH01
_h0213
590 _aCONVERSION
_b10
_c20130109
_lUCH01
_h1352
650 1 4 _aAlimentos
_xValor nutritivo.
_94298
650 1 4 _aExtensión agrícola.
_939144
650 1 4 _aFamilia.
_939405
650 1 4 _aHábitos alimenticios.
_955679
650 1 4 _aNutrición.
_982246
810 0 _aFAO
901 _aBK
905 _aElisama A. H.
942 _cLIBRO
949 _a641.1 F58y
_bBC
_cFAO
_d33724002029926
_eFAO1
_h108610
_i105284
_sb
949 _a641.1 F58y
_bBC
_cFAO
_d33724002056149
_eFAO2
_fc.2
_h108611
_i105284
_sb
949 _a641.1 F58y
_bBC
_cFAO
_d33724002056181
_eFAO2
_fc.3
_h108612
_i105284
_sb
999 _c93717
_d93717